000 nam a22 4500
999 _c9190
_d9190
008 180417b ||||| |||| 00| 0 eng d
245 _aPowerful typhoon pummels Taiwan.
260 _aPhilippines
_bThe Philippine Star
_cc2016
300 _apageg 6.
650 0 _927422
_aNatural disaster.
942 _2ddc
_cPER